|
|
|
|
| LEADER |
00622nam a2200133Ia 4500 |
| 008 |
111205s9999 xx 000 0 mal d |
| 100 |
|
|
|a Amrita Preetham
|
| 245 |
|
|
|a Oru Dukhasathyam
|c Amrita Preetham
|
| 260 |
|
|
|b D.C. Book House
|a D.C. Book House
|c 1989
|
| 300 |
|
|
|a 132
|
| 942 |
|
|
|c BK
|
| 999 |
|
|
|c 206843
|d 206843
|
| 952 |
|
|
|0 0
|1 0
|2 ddc
|4 0
|6 891_000000000000000_433A1_ORU
|7 0
|9 228745
|a MAL
|b MAL
|c ST1
|d 1973-09-29
|g 15.00
|l 0
|o 891.433A1 ORU
|p MAL21300
|r 2011-12-05
|v 15.00
|w 2011-12-05
|y BK
|
| 952 |
|
|
|0 0
|1 0
|2 ddc
|4 0
|6 891_000000000000000_433A1_ORU
|7 0
|9 228746
|a MAL
|b MAL
|c ST1
|d 1973-09-29
|g 15.00
|l 0
|o 891.433A1 ORU
|p MAL21309
|r 2011-12-05
|v 15.00
|w 2011-12-05
|y BK
|